000 00537njm a2200193 i 4500
001 C2-0318231
003 PPAK
005 20180729163415.0
008 121007s2011 xxu|||| ||||| | eng d
040 _aPPAK
_beng
_cPPAK
_erda
245 0 4 _aThe Frontiersmen :
_ba narrative
264 1 _aUnited states :
_bTantor Media Inc. ,
_c2011
336 _2rdacontent
_atext
337 _2rdamedia
_aunmediated
338 _2rdacarrier
_avolume
650 1 0 _aIndia - Politics and government 19th century
700 _eauthor
942 _ddc
_cB
999 _c163950
_d163950